00602nam a2200169Ia 4500003000900000008004100009040001600050080001700066110003600083245014500119260005300264300001400317500002600331650002900357650002700386650001900413IN-BaIIA211028s9999 xx 000 0 eng d cIIA Library a92:5bINSA-5 aIndian National Science Academy 0aBiographical memoirs of fellows of the Indian national science academybvol. 5cIndian National Science Academy  aNew DelhibIndian National Science Academyc1979 aii, 118p. aDonated by Mrs. Bappu aBiography - INSA Fellows aINSA Fellows Biography aNASA thesaurus